000
00325nam a22001337a 4500
008
170525b xxu||||| |||| 00| 0 eng d
020
_a
0070226253
041
_a
eng
080
_a
007.52
100
_a
26
101
_a
IM
245
_a
ROBOTICS CONTROL SENSING VISIOM AND INTELLIGENCE
_c
GONZALES.R.C
942
_2
udc
_c
BK
999
_c
14282
_d
14282